000
00264nam a2200097Ia 4500
001
651968
005
20250826154429.0
008
250824s9999 xx 000 0 und d
245
0
_a
DEFİNE ADASI GENÇLİK KLASİKLERİ
_c
ROBERT L.STEVENSON
260
_b
TİMAŞ ÇOCUK
999
_c
651968
_d
651968